| 000 | 00521nam a2200169 a 4500 | ||
|---|---|---|---|
| 001 | 000043070 | ||
| 005 | 20201002040620.0 | ||
| 008 | 140218s1997 nyu 001 0 spa d | ||
| 020 | _a0395707420 | ||
| 040 |
_aDO-SdBNP _bspa _cBNPHU |
||
| 082 |
_axxx _bxxx |
||
| 100 | 1 |
_aHoffman, Miles. _970594 |
|
| 245 | 1 | 0 |
_aThe NPR classical music companion : _bterms and concepts from A to Z / _cMiles Hoffman. |
| 260 |
_aBoston : _bHoughton Mifflin, _c1997. |
||
| 300 |
_ax, 306 p. ; _c23 cm. |
||
| 500 | _aNational Public Radio (U.S.) | ||
| 999 |
_c42559 _d42559 |
||